Síntese de proteínas (Record no. 142483)

MARC details
000 -LÍDER
campo de controle de tamanho fixo 00899 a2200181 4500
001 - NÚMERO DE CONTROLE
campo de controle 142483
040 ## - FONTE DA CATALOGAÇÃO
Instituição que transcreveu o registro Leonardo Da Vinci
041 ## - CÓDIGO DE IDIOMA
Código do idioma do texto/trilha sonora ou título diferente Português
082 ## - CDD - CLASSIFICAÇÃO DECIMAL DE DEWEY
Número de Classificação v221
100 ## - ENTRADA PRINCIPAL--NOME PESSOAL
Nome pessoal EDUCACIONAL SHOP VIDEO
245 ## - TÍTULO
Título Síntese de proteínas
250 ## - EDIÇÃO
Edição v.1-2
260 ## - PUBLICAÇÃO, DISTRIBUIÇÃO, ETC.
Nome do editor, distribuidor, etc. ESV
Local de publicação, distribuição, etc. São Paulo
490 ## - TÍTULO DA SÉRIE
Título da série TV Ontario
520 ## - NOTA DE RESUMO, ETC
Resumo, etc. O vídeo mostra a importância das proteínas como blocos básicos de<br/>construção da vida, e o papel fundamental que a síntese de proteínas<br/>exerce em todos os seres vivos. Explora um aspecto do processo; da<br/>manufatura do DNA ou ADN às funções do RNA ou ARN mensageiro e de<br/>transferência
697 ## - ENTRADA DE ASSUNTO LOCAL--ENTIDADE COLETIVA (RLIN)
Nome corporativo ou nome da jurisdição Biologia
-- Proteína: O recheio da vida
-- DNA ou ADN: a molécula da hereditariedade
-- Reprodução do DNA ou ADN: a fórmula da repetição
-- Síntese do RNA ou ARN: o mensageiro genético
-- RNA ou ARN ribossômico: a fábrica de proteínas
942 ## - ELEMENTOS DE ENTRADA ADICIONADOS (KOHA)
Tipo de material Koha Materiais visuais
Holdings
Situação do descarte Situação das perdas Situação física Não pode ser emprestado Biblioteca de origem Biblioteca atual Data de aquisição Total de empréstimos Número de chamada completo Código de barras Data de último acesso Data do preço efetivo Tipo de material Koha
        Leonardo Da Vinci - Alphaville 1 Leonardo Da Vinci - Alphaville 1 27/03/2024   v221 A0230LVA 27/03/2024 27/03/2024 Materiais visuais